000 01034nam a2200301 i 4500
003 EG-GICUC
005 20260510103203.0
008 260509s1795 enk||||f |||| 00| 0 eng d
040 _beng
_cEG-GICUC
_erda
_a EG-GICUC
_d EG-GICUC
041 0 _aeng
082 _221
_a341.040
_bWA. E
092 0 4 _221
099 _aLaw1 11 341.040 WA. E 1795
100 1 _a Ward, Robert
_eAuteur
245 1 3 _aAn Enquiry Into The Foundation And History Of The Law Of Nations In Europe From The Time Of The Greeks And Romans To The Age Of Grotius Volume1 /
_cRobert Ward.
264 1 _aLondon:
_bA.Strahan and W. Woodfall,
_c1795.
300 _a395 page ؛
_c24 cm .
336 _2rda content
_atext
337 _2rda media
_aComputer
338 _2rda carrier
_aOnline Resource
546 _aText in English
650 1 _aPublic international law
_2qrmak
650 1 _a Enquiry Into The Foundation
651 1 _2qrmak
856 4 0 _uhttps://fll.law.cu.edu.eg/fulltext/bksB11-07473.pdf
905 _a75
_eYara
942 _2ddc
_cBK
_e21
_n0
999 _c76389
_d76389